000 00949nas a2200325 454500
001 IICA0600502
003 BR-BrBNA
005 20260323111532.0
007 ta
008 260323b bl.|||p| |||| 00| 00por d
040 _aBR-BrBNA
_bpor
_cBiblioteca Nacional de Agricultura
041 _a(Es)
072 _aF60; L02
100 1 _aBressani, R.
100 1 _aAguirre, A.
100 1 _aArroyave, R.
100 1 _aJarquim, R.
245 1 _aLa composicion quimica de diversas clases de banano y el uso de harinas de banano en la alimentacion de pollos
300 _av. 11 (4) p. 127-132
650 _aBANANA
650 _aMUSA SPP
650 _aFARINHA
650 _aPINTO
650 _aCOMPOSICAO QUIMICA
650 _aVALOR NUTRITIVO
650 _aNUTRICAO ANIMAL
773 0 _tTURRIALBA (IICA)
_X0041-4360
_g(Oct-Dec 1961), v. 11 (4) p. 127-132
_wIICA0600502
909 _a202603
_bLúcia
_c55
_dLúcia Elande
942 _2IICA
_n0
_cANA
999 _c340751
_d340751